Central Library OPAC University of Rajshahi

Fifty comprehension tests / (Record no. 50191)

MARC details
000 -LEADER
fixed length control field 00652nam a2200217 a 4500
001 - CONTROL NUMBER
control field 50191
003 - CONTROL NUMBER IDENTIFIER
rucl marc code BD-RjUL
005 - DATE AND TIME OF LATEST TRANSACTION
control field 20211209075454.0
008 - FIXED-LENGTH DATA ELEMENTS--GENERAL INFORMATION
fixed length control field 160824m19531950enk 000 0 eng d
035 ## - SYSTEM CONTROL NUMBER
System control number (BD-RjUL)50311
040 ## - CATALOGING SOURCE
Original cataloging agency UKM
Transcribing agency UKM
Modifying agency EQO
-- BD-RjUL
Language of cataloging eng
041 ## - LANGUAGE CODE
Language code of text/sound track or separate title eng
082 ## - DEWEY DECIMAL CLASSIFICATION NUMBER
Classification number 428.2
Edition number 23
Author mark and year MAF 1953
100 1# - MAIN ENTRY--PERSONAL NAME
Personal name Mackie, W. S.
9 (RLIN) 150451
245 10 - TITLE STATEMENT
Title Fifty comprehension tests /
Statement of responsibility, etc. W. S. Mackie
260 ## - PUBLICATION, DISTRIBUTION, ETC. (IMPRINT)
Place of publication, distribution, etc. London :
Name of publisher, distributor, etc. Macmillan and co.,
Date of publication, distribution, etc. 1950, [Reprinted 1953]
300 ## - PHYSICAL DESCRIPTION
Pagination xiii, 146 p. ;
Size 19 cm.
650 ## - SUBJECT ADDED ENTRY--TOPICAL TERM
Topical term or geographic name as entry element English language
Form subdivision Composition and exercises
9 (RLIN) 150452
Topical term or geographic name as entry element English language
Form subdivision Usage
9 (RLIN) 150453
942 ## - ADDED ENTRY ELEMENTS (KOHA)
Source of classification or shelving scheme Dewey Decimal Classification
Koha item type Books
Holdings
Lost status Source of classification or shelving scheme Damaged status Not for loan Collection code Permanent Location Current Location Shelving location Date acquired Source of acquisition Cost, normal purchase price Total Checkouts Full call number Date last seen Copy number Koha item type
  Dewey Decimal Classification     Non-fiction Central Library, University of Rajshahi Central Library, University of Rajshahi   11/11/1935 W.B.C 20.50   428.2 MAF 1953 24/08/2016 C-2 Books